000 00329nam a2200133Ia 4500
008 200103s9999||||xx |||||||||||||| ||und||
040 _aIMU-MPC
082 _aColumn-29
100 _aWheeler, S. S.
245 0 _aEntropy as a tangible Conception
260 _bThe technical press ltd., London
_c1925
300 _a76
942 _cBK
999 _c7330
_d7330